Statistics for Germany Euro Squad 2016

Click here to take the quiz!

General Stats

  • This quiz has been taken 437 times
    (411 since last reset)
  • The average score is 18 of 23

Answer Stats

NumberPostPlayerClub% Correct
1GKManuel NeuerBayern Munich
99%
22GKMarc-André ter StegenFC Barcelona
96%
13STThomas MüllerBayern Munich
96%
5DFMats HummelsBorussia Dortmund
94%
8MFMesut ÖzilArsenal FC
94%
18MFToni KroosReal Madrid
94%
17DFJérôme BoatengBayern Munich
93%
6MFSami KhediraJuventus
91%
7MFBastian SchweinsteigerManchester United
89%
14MFEmre CanLiverpool FC
87%
23STMario GomezBesiktas
85%
4DFBenedikt HöwedesSchalke 04
74%
12GKBernd LenoBayer Leverkusen
74%
21MFJoshua KimmichBayern Munich
74%
10STLukas PodolskiGalatasaray SK
73%
19MFMario GötzeBayern Munich
73%
2DFShkodran MustafiValencia CF
73%
3DFJonas HectorFC Koln
72%
11MFJulian DraxlerVfL Wolfsburg
67%
9MFAndré SchürrleVfL Wolfsburg
58%
20MFLeroy SanéSchalke 04
56%
16DFJonathan TahBayer Leverkusen
52%
15MFJulian WeiglBorussia Dortmund
29%

Score Distribution

Percentile by Number Answered

Percent of People with Each Score

Your Score History

You have not taken this quiz since the last reset